| 000 | 00000nam 2200000za 4500 |
| 001 | 9.843381 |
| 003 | CaOODSP |
| 005 | 20221107152517 |
| 007 | cr ||||||||||| |
| 008 | 170912s1962 onc #o f000 0 eng d |
| 040 | |aCaOODSP|beng |
| 043 | |an-cn--- |
| 086 | 1 |aNF4-23/1962E-PDF |
| 245 | 04|aThe long way back |h[electronic resource]. |
| 260 | |a[Ottawa] : |bthe National Film Board of Canada, |c[1962] |
| 300 | |a[2] p. |
| 500 | |a"Mental Health Division - Department of National Health and Welfare - Ottawa." |
| 500 | |aAt head of title: Discussion guide. |
| 692 | 07|2gccst|aMental health |
| 692 | 07|2gccst|aCinema |
| 710 | 2 |aNational Film Board of Canada. |
| 856 | 40|qPDF|s721 KB|uhttps://publications.gc.ca/collections/collection_2017/onf-nfb/NF4-23-1962-eng.pdf |